From a rational point of view : how we represent subjective perspectives in practical discourse /

Tim Henning applies insights from the philosophy of language and formal semantics to problems in practical philosophy, and solves notorious puzzles about the reasons we have, what it is rational for us to do, and what we ought to do. He offers a more unified understanding of normative and practical...

Full description

Bibliographic Details
Main Author: Henning, Tim, 1976- (Author)
Format: Book
Language:English
Published: Oxford, United Kingdom : Oxford University Press, 2018.
Subjects:

MARC

Tag First Indicator Second Indicator Subfields
LEADER 00000cam a2200000Ii 4500
001 in00004036821
005 20181024084012.0
008 171204s2018 enk b 001 0 eng d
020 |a 0198797036 
020 |a 9780198797036 
024 8 |a 99977403684 
035 |a (OCoLC)on1013820622 
035 |a (OCoLC)1013820622 
040 |a YDX  |b eng  |c YDX  |d ERASA  |d BDX  |d CDX  |d OCLCF  |d UtOrBLW 
049 |a TXAM 
050 4 |a BJ1458.3  |b .H45 2018 
082 0 4 |a 190 
100 1 |a Henning, Tim,  |d 1976-  |e author.  |0 http://id.loc.gov/authorities/names/no2009028233 
245 1 0 |a From a rational point of view :  |b how we represent subjective perspectives in practical discourse /  |c Tim Henning. 
264 1 |a Oxford, United Kingdom :  |b Oxford University Press,  |c 2018. 
300 |a x, 240 pages ;  |c 25 cm 
336 |a text  |b txt  |2 rdacontent 
337 |a unmediated  |b n  |2 rdamedia 
338 |a volume  |b nc  |2 rdacarrier 
520 8 |a Tim Henning applies insights from the philosophy of language and formal semantics to problems in practical philosophy, and solves notorious puzzles about the reasons we have, what it is rational for us to do, and what we ought to do. He offers a more unified understanding of normative and practical discourse. 
650 0 |a Normativity (Ethics)  |0 http://id.loc.gov/authorities/subjects/sh95003607 
650 0 |a Standard language  |x Philosophy. 
650 7 |a Normativity (Ethics)  |2 fast  |0 (OCoLC)fst01039140 
945 |b 667096 
947 |a A14850582058 
994 |a 92  |b TXA 
948 |a Cataloged  |b h  |c 2018/8/17  |d c  |e LEverett  |f 11:07:34 AM 
999 f f |s 88828d0b-72f5-3bf0-95bd-a232d38931f3  |i 94711982-8a8d-3002-9454-482705505a83  |t 0 
952 f f |p normal  |a Texas A&M University  |b College Station  |c Sterling C. Evans Library  |d Evans: Library Stacks  |t 0  |e BJ1458.3 .H45 2018  |h Library of Congress classification  |i unmediated -- volume  |m A14850582058 
998 f f |a BJ1458.3 .H45 2018  |t 0  |l Evans: Library Stacks